书目信息 |
| 题名: |
DA建筑名家细部设计创意
|
|
| 作者: | ;王庆 , 程力真 译 ;Images出版集团 编著 | |
| 分册: | 4 | |
| 出版信息: | 北京 中国建筑工业出版社 2005.01 |
|
| 页数: | 216页 | |
| 开本: | 30cm | |
| 丛书名: | ||
| 单 册: | ||
| 中图分类: | TU22-64 | |
| 科图分类: | ||
| 主题词: | 建筑结构--细部--结构设计--世界--图集 | |
| 电子资源: | ||
| ISBN: | 7-112-06867-3 | |
| 000 | 01032nam0 2200253 450 | |
| 001 | 0136690077 | |
| 005 | 20050725191515.62 | |
| 010 | @a7-112-06867-3@b精装@dCNY188.00 | |
| 100 | @a20050324d2005 km y0chiy0120 ea | |
| 101 | 1 | @achi@ceng |
| 102 | @aCN@b110000 | |
| 105 | @aa z 000yy | |
| 200 | 1 | @aDA建筑名家细部设计创意@ADA jian zhu ming jia xi bu she ji chuang yi@h4@f(澳) Images出版集团编著@F(ao) Images chu ban ji tuan bian zhu@g程力真, 王庆译@Gcheng li zhen,wang qing yi |
| 210 | @a北京@c中国建筑工业出版社@d2005.01 | |
| 215 | @a216页@c彩图@d30cm | |
| 305 | @a本书由澳大利亚Images出版集团授权翻译、出版。 | |
| 330 | @a本书中所引用的工程实例展示了细部的作用:使建筑尺度贴近它们的使用者、将各个局部组合成一个整体以及最终实现对建筑的理解、体验。 | |
| 606 | 0 | @a建筑结构@x细部@x结构设计@y世界@j图集 |
| 690 | @aTU22-64@v4 | |
| 702 | 0 | @a王庆@Awang qing@4译 |
| 702 | 0 | @a程力真@Acheng li zhen@4译 |
| 711 | 02 | @aImages出版集团@AImages chu ban ji tuan@4编著 |
| 801 | 0 | @aCN@bQSSK@c20050725 |
| 905 | @a10447@dTU22-64@eC759 | |
| DA建筑名家细部设计创意.4/(澳) Images出版集团编著/程力真, 王庆译.-北京:中国建筑工业出版社,2005.01 |
| 216页:彩图;30cm |
| ISBN 7-112-06867-3(精装):CNY188.00 |
| 本书中所引用的工程实例展示了细部的作用:使建筑尺度贴近它们的使用者、将各个局部组合成一个整体以及最终实现对建筑的理解、体验。 |
| ● |
| 相关链接 |
|
|
|
正题名:DA建筑名家细部设计创意
索取号:TU22-64/C759
 
预约/预借
| 序号 | 登录号 | 条形码 | 馆藏地/架位号 | 状态 | 备注 |
| 1 | 526731 | 205267316 | 建筑库101/101建筑库 47排1列5层/ [索取号:TU22-64/C759] | 在馆 |